Deník mopse. Sněhový den /
Další pokračování deníkových záznamů roztomilého mopse Barona z Bublin, zvaného Bubi.
Uloženo v:
| Série: | Deník mopse,
část 2 |
|---|---|
| Hlavní autor: | |
| Další autoři: | |
| Médium: | E-kniha |
| Jazyk: | Czech |
| Vydáno: |
V Brně :
CPress,
2021
|
| Vydání: | 1. vydání |
| Témata: | |
| Příbuzné jednotky: | Z cyklu::
Deník mopse |
| Tagy: |
Žádné tagy |
| LEADER | 02455nam a2200517 i 4500 | ||
|---|---|---|---|
| 001 | 311431 | ||
| 003 | CZ PrSKC | ||
| 005 | 20260601215705.0 | ||
| 007 | ta | ||
| 008 | 211105s2021 xr a b 000 j cze | ||
| 015 | |a cnb003370092 | ||
| 020 | |a 9788026438441 |q (vázáno) : |c Kč 219,00 | ||
| 035 | |a (OCoLC)1291386345 | ||
| 040 | |a ABG001 |b cze |e rda | ||
| 041 | 1 | |a cze |h eng | |
| 072 | 7 | |a 821.111-3 |x Anglická próza, anglicky psaná |2 Konspekt | |
| 072 | 7 | |a 821-93 |x Literatura pro děti a mládež (beletrie) |2 Konspekt | |
| 080 | |a 821.111(94)-32 |2 MRF | ||
| 080 | |a 821-93 |2 MRF | ||
| 080 | |a (0:82-32) |2 MRF | ||
| 100 | 1 | |a May, Kyla |7 xx0190792 |4 aut |4 ill | |
| 240 | 1 | 0 | |a Pug's snow day. |l Česky |
| 245 | 1 | 0 | |a Deník mopse. |p Sněhový den / |c Kyla May ; z anglického originálu Pug's snow day ... přeložila Šárka Krejčová |
| 246 | 3 | 0 | |a Sněhový den |
| 250 | |a 1. vydání | ||
| 264 | 1 | |a V Brně : |b CPress, |c 2021 | |
| 300 | |a 72 stran : |b barevné ilustrace ; |c 22 cm | ||
| 336 | |a text |b txt |2 rdacontent | ||
| 336 | |a statický obraz |b sti |2 rdacontent | ||
| 337 | |a bez média |b n |2 rdamedia | ||
| 338 | |a svazek |b nc |2 rdacarrier | ||
| 500 | |a Na hřbetu označení: 2 | ||
| 520 | 2 | |a Další pokračování deníkových záznamů roztomilého mopse Barona z Bublin, zvaného Bubi. |b Sněží! Bella je u vytržení, Bubi její nadšení ovšem nesdílí. Vždyť sníh studí, je mokrý, a navíc to na něm pěkně klouže! A k tomu všemu se do vedlejšího domu přistěhoval kluk, který má děsivé, obrovské zvíře. Naučí se Bubi mít rád sníh? A najde si nového kamaráda? Nakladatelská anotace. | |
| 521 | 8 | |a Pro čtenáře od 6 let | |
| 655 | 7 | |a australské příběhy |7 fd230221 |2 czenas | |
| 655 | 7 | |a publikace pro děti |7 fd133156 |2 czenas | |
| 655 | 9 | |a Australian stories |2 eczenas | |
| 655 | 9 | |a children's literature |2 eczenas | |
| 700 | 1 | |a Krejčová, Šárka, |d 1989- |7 xx0243977 |4 trl | |
| 787 | 0 | 8 | |i Z cyklu: |t Deník mopse |g 2 |
| 900 | |a ABA001 |b 20 | ||
| 928 | 9 | |a Albatros Media - CPress | |
| 044 | |a xr | ||
| 910 | |a RBIT002 | ||
| 998 | |d 336559 |a https://core.palmknihy.cz/api/books/336559/cover?si5z7d |b https://core.palmknihy.cz/api/books/336559/cover/400?si5z7d |c https://core.palmknihy.cz/api/books/336559/cover/50?si5z7d |e 2026-12-18 |g 80 |i 9788026438441 |k https://core.palmknihy.cz/api/books/336559/preview.pdf |l |q 49 |r 1 |s https://www.palmknihy.cz/kniha/336559 |t ebook |y 2021 |z 0 |v Deník mopse |w 2 | ||
| 999 | |d 311429 | ||